00758 2200241 4500001002100000005001700021008004100038035002400079040001200103082001400115090002100129100002200150245009300172260011300265300001800378500002500396650002200421700002200443850001200465990001200477990001200489999001500501YOGYA-0209000004885820090227032135.0 ind  0010-020900000048858 aYOPDYOG a899.22161 a899.22161bRan W aRANGGAWALUYA, H.S aWawacan pangeran dipatih ukurcanggitan H.S. RAnggawaluya; dipasienphus Darkat Darjusman aJakartabDepartemen Pendidikan dan Kebudayaan Proyek Penerbitan Buku bacaan Satra Indonesia dan Daerahc1980 a...Jilc21 cm aYang diterima jil. 1 aKesuasteraan Jawa aDARYUSMAN, Darkat aYOPDYOG a57414-a a57417-a aa000057415